000 01609nam a2200349 c 4500
003 BLK
005 20180422112714.0
008 180410b bul|||||r ||||||| ||bul||
010 _aKNG00152740000
020 _a978-954-9835-95-3
_bиздат.: Хайни
040 _aBLK
041 _aBUL
_cBUL
072 7 _2bullib
_aН83
_xЧужда художествена литература Н
080 _aСловашка литература
_b821.162.4
_x-1
_z821.162.4-1
100 1 _aВадкерти-Гаворникова, Лидия
_eпърви автор
_944958
700 1 _aСтефанов, Димитър
_eпрев. от словаш.
_gБъчваров, Димитър Стефанов
_9363780
700 1 _aБъчваров, Димитър Стефанов
_e*
_9367462
139 _aВадкерти-Гаворникова, Лидия
_bВ 13
245 1 0 _aНа това място, в този миг
_bСтихотворения
_cЛидия Вадкерти-Гаворникова; прев. от словаш. Димитър Стефанов; * Димитър Стефанов Бъчваров.
257 _aSLK
260 София
_bХайни
_c2012
_fСофия : Звездан
300 _a76 с.
_c21 см
380 _aX
500 _aПълно име на състав. - Димитър Стефанов Бъчваров.
653 _aстихотворения
659 _aН
852 _aЦб 266109
856 4 _qpdf
_u
856 4 _qpdf
_u
942 _cKNG
_n0
944 _aCR
_c04.11.2013
_lф /
_kГеновева_Генчева
944 _aED
_c24.02.2015
_lф /
_kЛюдмила_Стоянова
999 _c146548
_d146548